00978nam a2200277 a 450000100060000000300080000600500170001400800410003102000180007203500190009004000260010904100080013508200250014310000270016824501010019525000120029626000410030830000280034950400360037765000410041365000310045465000260048594200120051199900170052395201600054044630BD-RjUL20211209053907.0160718s2012 nyu||||| |||| 00| 0 eng d a9780199606405 a(BD-RjUL)44748 aBD-RjULbengcBD-RjUL aeng 223a342.41bLOC 20121 aLoveland, Ian 913690810aConstitutional law, administrative law, and human rights : a critical introductioncIan Loveland a6th ed. aOxford :bUniversity press, cc 2012 axl, 794 pages ;c25 cm. aIncludes index and bibliography aConstitutional law. . 9136909 aAdministrative law9125675 aHuman rights.9136910 2ddccBK c44630d44630 00102ddc40708NFICaRUCLbRUCLcStackd2013-07-04eParagon Enterprise Lit., Dhakag4150.00l0o342.41 LOC 2012r2016-07-18 00:00:00tC-2w2016-07-18yBK